000 00669nam a2200241Ia 4500
003 OSt
005 20240429045616.0
008 210329s9999||||xx |||||||||||||| ||und||
020 _a9788130905198
040 _cSTCPL
041 _aENG
082 _a418.02
_bGUN-T
100 _aAnderman, Gunilla
100 _aRogers, Margaret
245 0 _aTranslation today :
_bTrends and perspectives /
_cby Gunilla Anderman and Margaret Rogers
260 _aNew Delhi :
_bViva Books Pvt. Ltd. ,
_c2010 .
300 _a232 p.
_bPB
650 _aEnglish literature
650 _aEnglish And Anglo-Saxon Languages
650 _aTranslation
942 _cBK
942 _2ddc
999 _c63147
_d63147